000 00308nam a2200121Ia 4500
008 240731s9999 xx 000 0 und d
022 _a1750-4686
245 0 _aEuropean Journal of Legal Education
260 _bRoutledge
856 _uhttps://www.tandfonline.com/loi/rejl20
942 _2ddc
942 _cTFEJ
999 _c76522
_d76522
945 _a1
_bMadushi Gamage
_c1
_dMadushi Gamage